[Event "Beersheba 16th"]
[Site "Beersheba"]
[Date "1997.03.05"]
[Round "9"]
[White "Mikhalevski, Alexander"]
[Black "Finkel, Alexander"]
[Result "1-0"]
[WhiteElo "2470"]
[BlackElo "2505"]
[Annotator "Mikhalevski,A"]
[PlyCount "85"]
[EventDate "1997.02.24"]
[EventType "tourn"]
[EventRounds "11"]
[EventCountry "ISR"]
[EventCategory "12"]
[SourceTitle "CBM 058"]
[Source "ChessBase"]
[SourceDate "1997.06.01"]
[SourceVersion "1"]
[SourceVersionDate "1997.06.01"]
[SourceQuality "1"]

1. d4 {Tisdall} Nf6 2. c4 e6 3. Nf3 Bb4+ 4. Nbd2 b6 5. a3 Bxd2+ 6. Qxd2 Bb7 7.
g3 (7. b3 d6 8. g3 a5 9. Bg2 O-O 10. O-O Nbd7 11. Bb2 a4 12. b4 b5 13. c5 Bd5
14. Qc2 Be4 15. Qc1 Nd5 16. Ne1 (16. Bh3 $1 $16) (16. cxd6 $2 cxd6 17. Qc6 Rb8
$1 18. Qxd6 $4 Rb6) 16... Bxg2 17. Nxg2 f5 $14 {Mikhalevski,A-Zoler,D/ISR-ch
1994}) 7... O-O 8. Bg2 d6 9. O-O Qe7 {Although in most cases the queen is
posted here, it seems to me that black gains more in flexibility by postponing
this in favor of} (9... c5 10. Rd1 Nbd7 11. b3 Qc7 12. Bb2 Rad8 13. dxc5 dxc5
14. Qg5 h6 15. Qh4 Nh7 16. Qf4 Qxf4 17. gxf4 Ndf6 18. Ne5 Ne4 $2 (18... Bxg2
$142 19. Kxg2 Rxd1 20. Rxd1 Rc8) 19. Nd7 Rfe8 20. Rd3 $16 Ba8 21. Rad1 Rc8 22.
Ne5 Nf8 23. Nd7 Ng6 24. e3 Nf8 25. f3 Nxd7 26. Rxd7 Nf6 27. Bxf6 gxf6 28. Rxa7
Rcd8 29. Rdd7 {1-0 Szabolcsi,J-Borne,N/Eger 1994}) (9... a5 10. b3 Nbd7 11. Bb2
h6 {Though this is useful in conjunction with ...Be4, I do not see why it is
necessary to play it so quickly. Compare with Henley-Larsen.} 12. Rae1 Re8 13.
Qc2 Be4 14. Qd1 Qb8 (14... c6 {/\d5}) 15. Bh3 b5 16. Ba1 Qb7 (16... a4 $5 {
Tisdall}) 17. Nd2 Bh7 18. Bg2 d5 19. f3 a4 20. e4 dxe4 21. fxe4 e5 22. b4 c6
23. d5 bxc4 24. Nxc4 $16 cxd5 25. exd5 e4 26. Bh3 Rad8 27. d6 Nb6 28. Na5 $18 {
1-0 Sjoberg,M-Andersson,U/Osterskan op 1994 (39)}) (9... Nbd7 10. b3 {since
this seems to pose the most practical problems.} (10. Qc2 Qe7 11. b3 Rad8 12.
Bb2 Ne4 $6 13. d5 $5 exd5 14. cxd5 Bxd5 15. Rad1 $1 (15. Qxc7 $4 Rc8 16. Qxa7
Ra8 17. Qc7 Rfc8 $19) 15... c6 $6 (15... Ndf6 16. Nd4 Bb7 $5 (16... c5 $2 17.
Nf5 Qe6 18. Rxd5 $18) (16... Rfe8 17. f3 Nc5 18. e4 Bb7 19. b4 Ne6 20. Nf5 $16)
17. Nf5 (17. f3 Nc5 18. e4) (17. Nc6) 17... Qe6 18. Bxf6 gxf6 19. Bh3 $44 (19.
Qxc7 Rd7) 19... Kh8 $1 20. Nxd6 $6 (20. f3) 20... Qxh3 21. Nxb7 Rxd1 22. Rxd1
Qf5 23. f3 Nxg3) 16. Nd4 $1 $16 {/\f3,e4} Ndf6 (16... f5 17. Nxc6 Bxc6 18. Qxc6
$16) 17. Nxc6 $2 $14 (17. f3 Nc5 18. e4 $18) 17... Bxc6 18. Qxc6 Rc8 19. Bxf6
Nxf6 20. Qxd6 Qxe2 21. Rd2 Qb5 22. Qd3 Qe5 23. Re2 Qc7 24. Rfe1 $14 {1/2-1/2
Christensen,L-Hansen,F/DEN-chB 1992}) 10... Qe7 (10... e5 11. Bb2 exd4 12. Nxd4
Bxg2 13. Kxg2 Qe7 14. f3 Ne8 15. e4 $16 f6 16. Rad1 Qf7 17. Qc2 g6 18. f4 Ng7
19. Nb5 Rfc8 20. g4 a6 21. Nc3 Rf8 22. Nd5 Ne8 23. e5 dxe5 24. fxe5 Qe6 25.
exf6 Ndxf6 26. h3 Nxd5 27. cxd5 Qd7 28. Rxf8+ Kxf8 29. d6 $1 cxd6 30. Qe4 $1
Nc7 31. Rf1+ Kg8 32. Qd4 {1-0 Mikhalevski,A-Zelinski/Israel,Ch1/2f 1996}) (
10... Be4 {This plan, and Andersson's in the next example, are more
challenging strategically, and pose original problems.} 11. Bb2 c6 {A
combination of strategical and psychological warfare. Black hopes to trade
bishops and then stifle the Bb2. He also keeps maximum flexibility in regard
to how he will confront the white queenside.} 12. Rac1 a5 13. a4 Qe7 14. Ba3
Rfd8 15. Rfd1 $14 h6 16. Qe3 $6 c5 17. Rd2 Rac8 18. Rcd1 d5 $132 19. cxd5 Bxd5
20. dxc5 Nxc5 $11 {0-1 Henley,R-Larsen,B/Lone Pine op 1981 (48)} (20... Nxc5 {
Tisdall} 21. Ne1 Bxg2 22. Nxg2 Rxd2 23. Rxd2 Qb7 $15 {>< b3; 0-1 Henley,
R-Larsen,B/Lone Pine op 1981 (48). A nice strategical performance by Larsen.
White's system of development is designed to prevent the easy counterplay
against c4, but Larsen's patient and wily handling of the position eventually
revealed a weakness at b3, which must be frustrating for white.})) 11. Bb2 Rfd8
(11... Ne4 12. Qc2 f5 13. Rad1 (13. Rfd1 c5 14. dxc5 bxc5 (14... dxc5 $5) 15.
Nd2 Ndf6 16. Nxe4 Nxe4 $6 (16... Bxe4 $142 17. Bxe4 Nxe4) 17. Rd3 e5 18. Rad1
Rfd8 19. f3 $16 {1-0 Rajkovic,D-Knezevic,B/Nis op 1993 (39)} (19. f3 Nf6 20.
Bh3 $1 g6 21. Qd2 Ne8 22. b4 $16 {1-0 Rajkovic,D-Knezevic,B/Nis op 1993 (39)}))
13... Ndf6 14. Ne1 (14. Ng5 $5 h6 $140 15. Nh3) 14... c5 15. f3 (15. e3) 15...
Ng5 16. e3 Rac8 17. Rf2 Nf7 18. dxc5 dxc5 19. Rfd2 Rcd8 20. Nd3 e5 21. Nf2 Rxd2
22. Rxd2 Qe6 23. f4 Bxg2 24. Kxg2 Re8 25. Qd1 h6 26. h3 Re7 27. Qf3 Kh7 28. g4
exf4 29. exf4 Kg8 30. Rd1 $2 (30. Bc3) 30... Kh7 $2 (30... fxg4 31. hxg4 Nxg4
$1 32. Nxg4 Qe2+ $17) 31. Bc3 a5 32. Re1 Qd6 33. Rxe7 Qxe7 34. Qd3 $16 {
Ftacnik,L-Gausel,E/Manila olm 1992/1-0 (61)}) (11... a5 12. Rad1 Rfd8 13. Rfe1
c5 14. d5 e5 15. Nh4 a4 16. Nf5 Qf8 17. b4 {^^,()} cxb4 18. axb4 a3 19. Ba1 Ra4
20. Qc3 Ne8 21. e4 Nc7 22. Rc1 Na6 23. Rb1 Rc8 24. Bf1 Rc7 25. Rb3 g6 26. Ne3
Qa8 27. Nc2 $16 {1-0 Rajkovic,D-Tzoumbas,A/Komotini GP 1993 (34)}) 12. Rfe1 (
12. Rad1) 12... c5 13. Rad1 Rac8 $6 14. d5 $1 Ne4 (14... exd5 15. Nh4) 15. Qc2
exd5 16. cxd5 Re8 17. Nh4 g6 18. f3 Nef6 19. e4 $16 Nh5 20. f4 c4 21. Qc3 f6
22. b4 Ng7 23. a4 Rf8 24. Nf3 a6 25. Nd4 a5 26. b5 Nc5 27. Qxc4 Qf7 28. Qa2 (
28. Nc6 Bxc6 29. bxc6 Rxc6 30. Bxf6 $18) 28... Rc7 29. Nc6 Bxc6 30. bxc6 Rxc6
31. Bxf6 Rc7 32. Bd4 Rfc8 33. e5 Nf5 34. e6 Qe7 35. Ba1 Qe8 36. g4 Ng7 37. Rc1
Qxa4 38. Qxa4 Nxa4 39. Rxc7 Rxc7 40. Bxg7 {1-0 Mikhalevski,A-Karasik,E/Israel,
Ch1/2f 1996}) 10. b3 {A restrained method of development. This modest advance
prevents black from developing counterplay against c4.} Re8 {This move does
not fit in well with the standard plan of ...Ne4 and ...f5. The advance ...e5
is not the idea here either. If black is planning the kind of Larsen waiting
game, then there is no reason not to play more essential moves (Nbd7, a5)
first, so this strikes me as inflexible, if not an inaccuracy.} 11. Bb2 Nbd7
12. Rad1 h6 (12... e5 13. d5 b5 14. cxb5 Nb6 15. Nh4 Bxd5 16. Nf5 $36 Qf8) (
12... Be4 $5 {Tisdall}) 13. Rfe1 a5 $6 (13... Be4) 14. d5 $1 {A very
interesting pawn sacrifice that leads to intricate tactics.} exd5 15. Nd4 $1
Ne4 16. Qc1 $1 (16. Qc2 $6 dxc4 (16... Ndf6 $6 {Tisdall} 17. Nf5 Qe6 (17... Qd8
18. cxd5 $16) 18. Bh3 Kh7 (18... Kh8 19. cxd5 $16) 19. cxd5 Bxd5 20. Nxg7 Qxh3
21. Nxe8 Ng4 22. Nf6+ $1 Ngxf6 23. Bxf6 $18) 17. Nf5 Qg5 18. Nxg7 Re7 $1 {פq7}
19. Qxc4 $140 (19. f4 $13) 19... Ne5 20. Qc2 f5) 16... dxc4 (16... Qg5 17. cxd5
$16) (16... Qf6 17. f3 Nec5 18. cxd5 $16 (18. Nb5 $5 {Tisdall}) 18... Bxd5 19.
Nb5) (16... Ndf6 $5 {Tisdall} 17. Nf5 Qe6 18. Bh3 Kh7 19. cxd5 Bxd5 20. Bxf6
Nxf6 21. Qxc7 $14) 17. Nf5 Qg5 18. Nxg7 Qxc1 (18... Re7 $5 19. Qxg5 (19. f4 Qg4
20. Bf3 Qh3 $13) (19. Qxc4 $2 Ne5 20. Qc2 f5) 19... hxg5 20. Nf5 Re6 21. bxc4
$16) (18... c3 19. Nxe8 $18 Qxc1 (19... cxb2 20. Qxg5+ hxg5 21. Nxc7 Rc8 22.
Nb5) (19... Qf5 20. Bxe4 Qxe4 21. f3 cxb2 22. Qxc7 Qe3+ 23. Kg2) 20. Bxc1 Rxe8
21. Bxh6) (18... Reb8 $5 {Tisdall} 19. Qxg5 (19. Qxc4 Ne5 20. Qxc7 Qxg7 $1 (
20... Kxg7 $2 21. f4 $16 Qf5 22. Rf1 (22. Qxb6 $5)) 21. f4 Nxg3 22. Bxb7 Ne4+
$1 23. Kf1 Qg4 24. Bxe4 Qxf4+ 25. Bf3 Nxf3 26. exf3 Qxf3+ 27. Kg1 Qg4+ 28. Kf2
Qf4+ $11) (19. f4 Qg6 20. Qxc4 Ndf6 $5 (20... Ndc5) (20... Nef6 21. Bh3 $16)
21. Bxe4 Nxe4 $132) 19... hxg5 20. bxc4 Ne5 21. Bxe5 (21. Nh5 Nxc4 22. Bc1 $5
$13) 21... dxe5 22. Nf5 Rd8 23. Rd3 $1 $14) 19. Rxc1 Reb8 (19... Red8 $142 $16)
(19... c3 $2 20. Bxc3 $18) 20. Rxc4 $16 {^^׻} Ndc5 21. Nh5 (21. Nf5 $5 Kh7 22.
b4) (21. b4 $5 axb4 22. axb4 d5 (22... b5 23. Rd4 $5) 23. Rc2) (21. Rd1 $5) (
21. Nf5 $5 {Tisdall}) 21... d5 22. Rc2 Rd8 23. f3 (23. Rd1) (23. b4) 23... Nd6
24. Rd1 Ne8 25. Rd4 $5 {This seems unneccesarily adventurous, though white
justifies it with very energetic play.} (25. Nf6+ {Tisdall} Nxf6 26. Bxf6 Re8
27. Rd4 $16 {was a simpler way to preserve white's advantage.}) 25... Nxb3 26.
Rg4+ Kf8 (26... Kh7 {Tisdall} 27. Rxc7 $1 Nxc7 28. Rg7+ Kh8 29. Rxf7+ Kg8 (
29... d4 30. Nf6) 30. Rg7+ Kf8 31. Rxc7 Rdb8 32. Be5 $18) 27. Be5 $1 b5 $6 (
27... c5 28. f4 $1 {/\f5} (28. Bf4 $40 {Tisdall}) 28... Bc8 29. Rh4 Ke7 (29...
Bf5 30. Rb2 a4 31. Nf6) 30. Ng7 $1 Nxg7 (30... f6 $2 31. Nxe8 fxe5 32. Nc7) 31.
Bxg7 {/\Rh6+/-}) 28. Nf6 $1 (28. Bf4 {Tisdall} Ra6) (28. Bxc7 {Tisdall} Rdc8) (
28. Rc3 {Tisdall} a4 29. Bxc7 $4 d4 $19) 28... c5 29. Rh4 Ke7 (29... Ra6 {
Tisdall} 30. Rxh6 Kg7 $5 {and suddenly white's pieces are very awkwardly
placed.} 31. Ng4+ f6 {and black's queenside pawns look more dangerous than
white's attacking chances.}) 30. Rxh6 Ra6 31. Ng8+ Kf8 (31... Kd7 {Tisdall} 32.
Bh3+) 32. Rh8 (32. Rh7 {Tisdall} Bc8 $5 33. Nh6 Be6 $13) 32... Re6 (32... Bc8 {
Tisdall} 33. f4 $1 Be6 $140 34. f5 $18) (32... d4 {Tisdall} 33. Bh3 $40) (32...
Rg6 {Tisdall} 33. Nh6+ Ke7 34. Rh7) 33. Nh6+ (33. f4 $2 Rxe5 34. fxe5 Kg7)
33... Ke7 34. f4 $18 {Now white has too many threats; Pressure against c,d and
f-pawns, and all pieces in the attack.} Nf6 35. Rxd8 Kxd8 36. Nxf7+ Ke7 37. Nh6
Ne4 (37... b4 {Tisdall}) 38. Nf5+ Kd8 (38... Ke8 {Tisdall} 39. h4 {Presumably
this was the end of a time scramble...} (39. Ng7+ {Tisdall}) 39... b4 40. h5 c4
41. axb4 axb4 42. Bxe4 dxe4 43. h6 {1-0 Mikhalevski,A-Finkel,A/Festival
Beersheba XVI 1997/CBM 58/[Tisdall]}) 39. h4 b4 40. h5 c4 41. axb4 a4 42. Bxe4
dxe4 43. h6 1-0

[Event "Minneapolis HB Global op"]
[Site "Minneapolis"]
[Date "2005.05.19"]
[Round "2"]
[White "Mikhalevski, Victor"]
[Black "Ginsburg, Mark"]
[Result "1-0"]
[WhiteElo "2572"]
[BlackElo "2354"]
[Annotator "Mikhalevski,V"]
[PlyCount "81"]
[EventDate "2005.05.18"]
[EventType "swiss"]
[EventRounds "9"]
[EventCountry "USA"]
[SourceTitle "CBM 107"]
[Source "ChessBase"]
[SourceDate "2005.08.01"]
[SourceVersion "1"]
[SourceVersionDate "2005.08.01"]
[SourceQuality "1"]

1. d4 Nf6 2. c4 Nc6 3. Nf3 e6 4. g3 Bb4+ 5. Bd2 Qe7 6. Bg2 Bxd2+ 7. Nbxd2 O-O
8. O-O d6 9. e4 e5 10. d5 Nb8 11. Ne1 a5 12. Nd3 Na6 13. f4 {This variation
promises White a slight edge thanks to a space advantage, but Black's position
is very solid and so White has to play very accurate not to open up too much.}
Ng4 {With the idea to consolidate the position in the centre.} ({Black also
tested} 13... Nd7) ({and} 13... Nc5 {Here is a classical game which was played
almost 60 years ago.} 14. Nxc5 dxc5 15. f5 ({I think it would be better to
maintain tension in the centre by means of} 15. Qc2 $5 {[%cal Ga1e1,Gc2c3]})
15... Ne8 {[%cal Ge8d6,Gf7f6]} 16. Rc1 Ra6 17. g4 Kh8 18. Rc3 Rg8 {[%cal Gg7g5]
} 19. Rg3 {[%cal Gg4g5]} g5 20. Kf2 Rh6 21. Rh1 Nd6 22. Bf1 Rh4 $1 23. Bd3 h5
24. h3 hxg4 25. Rxg4 Rg7 26. Nf3 Rxg4 27. hxg4+ Kg8 28. Rh6 f6 29. Qh1 Rh7 {
1/2-1/2 Tolush,A-Keres,P/Moscow 1948/URS-ch (29). and Black equalized thanks
to a very tough defense. Probably White's play can be improved.}) 14. Qe2 f6 {
Black strengthens the centre and prepares retreat of the knight to h6.} ({
Other options are} 14... Nb4 $5 {[%cal Gb4c2,Gc2d4]} 15. h3 Nxd3 16. Qxd3 Nh6
17. f5 f6 18. b3 $14 {Hubner,R-Knaak,R Bundesliga98/99.}) (14... exf4 $6 {
looks wrong.} 15. gxf4 Qh4 16. Nf3 Qh6 17. Qd2 Bd7 18. Rae1 $14 {1-0 Ortega,
L-Abatino,M/Cutro 2000/CBM 077 (51)}) 15. a3 $5 {A new provocative move. White
was preparing b4 and thus invites Black to fix the queenside by means of a4.
My point was to attack this pawn later on.} ({Earlier White played} 15. f5 Nh6
16. b3 {[%cal Ga2a3,Gb3b4]} Bd7 (16... Nb4 $5) 17. g4 (17. Rfc1 Rfc8 18. a3 $14
{1/2-1/2 Tempone,M-Slipak,S/La Carlota 1995/EXT 97 (26)}) (17. a3 $5) 17...
Rfb8 18. a4 Nf7 19. Qf2 c6 20. h4 Qd8 21. Ra2 b5 $1 22. axb5 cxb5 23. Rfa1 bxc4
24. bxc4 a4 {with a good position for Black.}) 15... a4 16. Nb1 {[%csl Ra4]
[%cal Gb1c3] The knight comes to c3 to attack the a4-pawn.} Nh6 17. Nc3 Bd7 18.
Qc2 {[%csl Ra4][%cal Gc3a4]} Qe8 ({Also} 18... Nc5 $5 {makes sense.} 19. Nxc5
dxc5 {[%cal Gh6f7,Gf7d6] Preparing Nf7-d6.} 20. Nb5 $13) 19. fxe5 $1 fxe5 20.
Rxf8+ Kxf8 (20... Qxf8 21. Nxa4 $14) 21. c5 $1 {[%cal Gc2f2,Gf2c5]} Kg8 $1 {
The king moves from the f-file and thus Black creates a threat to the c5-pawn.}
(21... dxc5 22. Nxc5 Nxc5 23. Qf2+ Kg8 24. Qxc5 $14) 22. b4 $1 axb3 23. Qxb3
Rb8 $6 {First inaccuracy.} (23... Qb8 $3 $11 {[%cal Gb8a7] with the idea Qa7
was strong.}) 24. c6 $1 (24. Qc4 $2 {is bad in view of simple} dxc5 (24... b5
25. cxb6 Rxb6 26. a4 Ng4 27. Re1) 25. a4 (25. Nxc5 $2 b5 $1 $19 {[%csl Rc5]})
25... Nf7 $1 {[%cal Gf7d6] and White remains a pawn down.}) 24... bxc6 (24...
Bc8 $5 25. Qc4 $1 (25. cxb7 Bxb7 {/\Kh8; c6}) 25... bxc6 26. dxc6+ Nf7 27. Nd5
$14) 25. Qc4 Rb6 ({It was interesting to sacrifice a piece by means of} 25...
cxd5 $5 26. Qxa6 d4 27. Qc4+ Qe6 $5 (27... Be6 28. Nd5 $1 c6 $140 29. Qxc6 $1
$18 {[%csl Rc6,Rg8][%cal Gd5e7]}) 28. Nd5 (28. Qxe6+ $5 Bxe6 29. Nd5 $14) 28...
c6 29. Ne7+ Kf7 30. Nxc6 $1 Qxc4 31. Ncxe5+ dxe5 32. Nxe5+ Ke7 33. Nxc4 $14)
26. dxc6+ Be6 27. Nd5 Nf7 (27... Nb8 $2 {[%csl Rc6]} 28. N3b4 $1 {[%csl Rb8]})
28. Bh3 $1 {A correct move with a wrong continuation. White unpins the
d5-knight in order to exploit the hanging position of black pieces on the
queenside.} Bxd5 $1 {The only move.} (28... Rxc6 {loses to} 29. Ne7+ Qxe7 30.
Qxe6 $1 {[%csl Rf7] and it turns out that Black can't avoid material losses.
For example} Kf8 ({or} 30... Qxe6 31. Bxe6 Nc5 32. Bd5 $1 $18) 31. Rf1 $1 {
[%csl Rf7]} Nc5 32. Nxc5 Rxc5 33. Qb3 {[%cal Gh3e6,Gb3b8]} Ke8 34. Be6 $1 Nd8
35. Bf5 $1 $18 {[%cal Gb3g8,Gf5h7]} Qf7 $140 36. Bd7+ $1 Qxd7 37. Qg8+ Ke7 38.
Qxg7+ $18) (28... Bxh3 {loses even simplier:} 29. Nxb6 cxb6 30. Qxa6 Qxc6 31.
Rc1 Qe8 (31... Qxe4 32. Rc8+ $1 $18) 32. Qxb6 $18) 29. exd5 $6 {I've
overestimated my position. Although the c6-pawn is protected and the a6-knight
is out of play Black still has some counterchances.} (29. Qxd5 $142 $1 {
[%csl Rf7] and again Black starts to experience problems with the knight on f7.
} Kh8 (29... Qxc6 {loses a piece.} 30. Qxc6 Rxc6 31. Be6 $1 {[%csl Rf7,Rg8]
[%cal Ga1f1] ><f7.} Rc3 (31... Nc5 32. Bd5 $1 Rb6 33. Nxc5 dxc5 34. Rf1 Rf6 35.
Rxf6 gxf6 36. a4 Kf8 37. Bxf7 Kxf7 38. a5 c4 39. Kf2 $1 $18) 32. Rf1 Rxd3 33.
Bxf7+ Kh8 34. Bc4 $18 {[%csl Rd3][%cal Gf1f8]}) 30. Bd7 Qe7 31. Rf1 $16) 29...
Ng5 30. Bg4 $6 {[%cal Gh2h4] I wanted to have access to the e6-square, which
was absolutely unnecessary.} (30. Bg2 $142 $1 {was much better preventing
Black from having counterplay.}) 30... h5 $1 (30... e4 $5 31. Re1 Qf8 32. Rf1
Qe7 33. Nf4 Nc5 34. Ne6 $1 $14) 31. Be2 e4 {The main difference between the
game and 30.Bg4 is that I can't pin the e-pawn by means of Re1.} 32. Nf4 Nc5 {
The knight which was stuck on a6 enters the game. This is the price White has
to pay for his 30th move.} 33. Rf1 $1 ({I had no time for} 33. Bxh5 Nf3+ $1 (
33... Nh3+ 34. Nxh3 Qxh5 35. Nf4 Qf3 36. Qe2 Qc3 37. Rf1 Rb2 38. Qg4 Qe3+ 39.
Kh1 Rf2 40. Rb1 $16) 34. Bxf3 exf3 $132 {and Black obtains counterplay.}) 33...
g6 $6 {Black loses an important tempo.} (33... Nf3+ 34. Bxf3 exf3 35. Rxf3 Rb1+
(35... Rb2 $6 36. Ne6 $1) 36. Kg2 Qe1 {[%csl Rf3][%cal Ge1h1]} (36... Qe5) 37.
Kh3 (37. Qf1) 37... Ne4 38. Ne6 $18 {[%csl Rg8][%cal Gc4d4]}) (33... h4 $5 {
was the best counterchance.}) (33... Rb2 34. Bxh5 Qa8 35. Kh1 $1 $16 {[%cal
Gf4g6,Gf1f8]}) 34. h4 ({I had a feeling that White has to play} 34. Qd4 $142 $1
{[%cal Gd4f6] taking control over the dark squares and preparing Qf6.}) 34...
Nf3+ $6 {Black underestimates my 36th move. Frankly speaking I was also sure
that Black has to play Nf3.} ({After correct} 34... Nf7 $1 35. Nxg6 Ne5 36.
Nxe5 Qxe5 37. Rf4 Rb3 $132 {Black obtains serious counterplay.}) 35. Bxf3 exf3
36. Ne6 $1 {The key move. Otherwise Black's queen penetrates to White's camp
along the e-file.} (36. Rxf3 Rb1+ 37. Kg2 Qe5 $1 (37... Qe1 38. Qf1 Rb2+ 39.
Kh3 Qe8 40. Rf2 Rb3 41. Kh2 Rxa3 42. Re2 Re3 43. Rxe3 Qxe3 44. Nxg6 Qd2+ 45.
Qg2 Qe3 46. Nf4 $16) 38. Nxg6 $140 Qe1) 36... Nxe6 37. dxe6 {[%csl Ge6] Now
Black has to be very careful to stay in the game.} Rxc6 $1 (37... Qxc6 $2 {
loses to} 38. Qxc6 Rxc6 39. Rxf3 Ra6 (39... Rc1+ 40. Rf1 $18) 40. e7 Ra8 41. a4
$1 $18 {[%cal Gf3f8,Ga4a5] and White forces a winning pawn endgame.}) 38. Qb5 {
[%csl Rc6][%cal Gb5e8] Pinning the rook.} Qa8 $2 {After this move there is no
escape.} ({The only move was} 38... d5 $1 {[%cal Gc6e6]} 39. e7 Kh7 $1 (39...
Kg7 40. Qxd5 (40. a4) 40... Rf6 41. Qd8 Kf7 42. Qxc7 Qxe7 43. Qxe7+ Kxe7 44.
Kf2 Rf5 45. Re1+ Kd6 46. Re3 g5 47. Rxf3 $16) 40. Qxd5 Rd6 41. Qe4 Rf6 42. a4
Rf7 $14 {with good chances for a draw.}) 39. e7 $18 {Now it's over.} Kh7 ({
Neither} 39... Kf7 40. Rxf3+ Kxe7 41. Qe2+ $1 Kd7 42. Rf7+ Kc8 43. Rf8+ {
[%csl Ra8]}) ({nor} 39... Kg7 40. Qb2+ $1 Kh7 41. Qf6 $1 Qg8 42. Qxf3 $1 $18 {
[%csl Rc6][%cal Gf3f7] don't save.}) 40. Qd5 $1 {[%cal Gd5f7]} Qe8 41. Qxf3 {
[%csl Rc6][%cal Gf3f7]} (41. Qxf3 Qxe7 42. Qxc6 $18) 1-0

[Event "World Women-ch k.o."]
[Site "Teheran"]
[Date "2017.02.14"]
[Round "2.1"]
[White "Guramishvili, Sopiko"]
[Black "Buksa, Nataliya"]
[Result "1-0"]
[WhiteElo "2357"]
[BlackElo "2302"]
[Annotator "Moradiabadi,E"]
[PlyCount "95"]
[EventDate "2017.02.11"]
[EventType "k.o."]
[EventRounds "7"]
[EventCountry "IRI"]
[SourceTitle "CBM 177"]
[Source "ChessBase"]
[SourceDate "2017.03.16"]
[SourceVersion "1"]
[SourceVersionDate "2017.03.16"]
[SourceQuality "1"]

1. d4 d5 2. Nf3 Nf6 3. c4 e6 4. g3 Bb4+ 5. Bd2 Be7 6. Bg2 O-O 7. Qc2 c6 8. O-O
a5 9. Rd1 Nbd7 10. Nc3 dxc4 11. e4 b5 12. a4 b4 13. Nb1 Ba6 14. Be3 c5 15. d5
exd5 16. exd5 Ng4 17. Nbd2 Nxe3 18. fxe3 Bf6 19. Ne4 Re8 20. Nfd2 Bg5 21. Nf1
Rb8 22. Bh3 Nb6 23. d6 b3 24. Qb1 Re5 25. Nc3 Bb7 26. e4 Qf6 27. Bg2 Rd8 28. h4
Bh6 29. Nh2 Be3+ {After a neat performance, the 2015 World Junior champion,
Natalia Buksa, starts to go VERY wrong from this moment. [#]} 30. Kh1 Qf2 $2 {
This throws away a lot of advantage but it does not through away the winnning
chances entirely.} (30... h5 {was my initial blitz reaction.}) 31. Rf1 Qxg3 $2
(31... Qc2 32. Ng4 Qxb1 33. Raxb1 Bd4 34. Nxe5 Bxe5 35. Rf5 Bxc3 36. bxc3 Nxa4
{was still an elementary win.}) 32. Rf3 Qxh4 33. Rxe3 Rxd6 34. Qe1 {White has
a piece for four pawns but what happens next is a heart-breaking blunder.} Qh6
35. Rh3 $2 Qd2 $4 {This loses another exchange and gives White a winning
position.} (35... Qg6 {and Black is still clearly better.}) 36. Qxd2 Rxd2 37.
Nf3 Rxg2 38. Kxg2 Bxe4 39. Kf2 Bxf3 40. Rxf3 Rh5 41. Rd1 g6 42. Rd6 Rh2+ 43.
Kg3 Rxb2 44. Rxb6 Rc2 45. Rb8+ Kg7 46. Rb7 h5 47. Rfxf7+ Kg8 48. Ne4 {A
heart-breaking loss for Buksa. I hope she manages to have a good battle
tomorrow. I also hope to see Sopiko playing good chess like in her match
against Sara.} 1-0